LEADER 00849nam0-2200313---450- 001 990008512250403321 005 20070824092552.0 010 $a2-02-036174-4 035 $a000851225 035 $aFED01000851225 035 $a(Aleph)000851225FED01 035 $a000851225 100 $a20070518d2004----km-y0itay50------ba 101 0 $afre 102 $aFR 105 $ay---a---001yy 200 1 $a<>siècle de la presse$e1830-1939$fChristophe Charle 210 $aParis$cSeuil$d2004 215 $a399 p.$d21 cm 610 0 $aGiornali francesi$a1830-1939 676 $a074 700 1$aCharle,$bChristophe$f<1951- >$0173220 801 0$aIT$bUNINA$gRICA$2UNIMARC 901 $aBK 912 $a990008512250403321 952 $a074 CHA 1$bFil.mod.13314$fFLFBC 959 $aFLFBC 996 $aSiècle de la presse$9732442 997 $aUNINA LEADER 04312nam 2200577Ia 450 001 9910779425803321 005 20230721010622.0 010 $a1-908663-10-3 010 $a1-299-19065-0 035 $a(CKB)2550000001003045 035 $a(EBL)3385443 035 $a(SSID)ssj0000914532 035 $a(PQKBManifestationID)11538536 035 $a(PQKBTitleCode)TC0000914532 035 $a(PQKBWorkID)10864336 035 $a(PQKB)10280213 035 $a(MiAaPQ)EBC3385443 035 $a(Au-PeEL)EBL3385443 035 $a(CaPaEBR)ebr10635126 035 $a(CaONFJC)MIL450315 035 $a(OCoLC)842647323 035 $a(EXLCZ)992550000001003045 100 $a20111102d2009 uy 0 101 0 $aeng 135 $aurcn||||||||| 181 $ctxt 182 $cc 183 $acr 200 13$aAn introduction to fuel analysis$b[electronic resource] /$fby Nigel Draffin 210 $aAdderbury $cPetrospot$d2009 215 $a1 online resource (117 p.) 300 $aIncludes index. 311 $a0-9548097-3-4 327 $a""Cover""; ""Dedication""; ""Foreword""; ""Preface""; ""About the author""; ""Acknowledgements""; ""Contents""; ""List of Tables and Figures""; ""Figure 1.Ships officer using hydrometer""; ""Photograph courtesy of Shell Photographic Unit""; ""Figure 2. Example text of a typical analysis report""; ""Figure 3.Table of standard prefixes for the SI units of measure""; ""Figure 4. Bunkering facilities in Colombo in 1951, before bunker quality became an issue""; ""Photograph courtesy of the Shell Photographic Unit. Taken by Derrick Knight."" 327 $a""Figure 5. Summary table of principal grades""""Figure 6.Extract from ISO 8217 (E) 2005 Residual fuel""; ""Figure 7.Extract from ISO 8217 (E) 2005 Distillate fuel""; ""Figure 8. Asphaltenic sludge in a purifier (outside of bowl)""; ""Photograph courtesy of Petrospot Ltd""; ""Figure 9. Asphaltenic sludge in a purifier (inside of bowl)""; ""Photograph courtesy of Petrospot Ltd""; ""Figure 10.a???Chart showing typical variations in Estimated Cetane Number (ECN) for a given value of CCAI""; ""Chart courtesy of Fueltec Solutions AS"" 327 $a""Figure 11. Fuel pump plunger damaged by organic acid""""Photograph courtesy of Bunker Claims International""; ""Figure 12. How not to take a spot sample""; ""Photograph courtesy of Petrospot Ltd""; ""Figure 13. Comparison between drip and automatic sampler""; ""Figure 14. Drip sampler and cubitainer in use""; ""Photograph courtesy of Lloyd's Register""; ""Figure 15.Drip sampler and cubitainer""; ""Photograph courtesy of Maritec Pte Ltd""; ""Figure 16.Sample bottle and seal""; ""Photograph courtesy of DnVPS""; ""Figure 17. Sample label"" 327 $a""Photograph courtesy of Lintec Testing Services Ltd""""Figure 18. Sealed sample""; ""Photograph courtesy of Kittiwake Developments Ltd""; ""Figure 19. Digital density meter""; ""Photograph courtesy of Inpechem Inspectors B.V.""; ""Figure 20. Digital density test diagram""; ""Figure 21. Density table""; ""Figure 22. Operation of an automatic viscometer""; ""Photograph courtesy of Lintec Testing Services Ltd""; ""Figure 23. Ostwald type capillary viscometer.""; ""Figure 24. Viscosity table""; ""Figure 25.Water (H2O) table""; ""Figure 26. Carbon residue table"" 327 $a""Figure 27. Sulphur (S) table""""Figure 28. Total sediment test equipment in use""; ""Photograph courtesy of Lintec Testing Services Ltd""; ""Figure 29. Total sediment table""; ""Figure 30. Examples of Rating Numbers of Typical Spots""; ""Spot examples courtesy of Intertec OCA ""; ""Figure 31. Ashing a sample""; ""Photograph courtesy of DnVPS""; ""Figure 32. Ash table""; ""Figure 33. ICP spectrometer ""; ""Photograph courtesy of Inpechem Inspectors B.V.""; ""Figure 34. Schematic of an ICP system""; ""Figure 35. Determination of metals by Atomic Absorption Chromatography"" 327 $a""Photograph courtesy of Inpechem Inspectors B.V."" 606 $aFuel$xAnalysis 606 $aFuel$xTesting 615 0$aFuel$xAnalysis. 615 0$aFuel$xTesting. 700 $aDraffin$b Nigel$01542515 801 0$bMiAaPQ 801 1$bMiAaPQ 801 2$bMiAaPQ 906 $aBOOK 912 $a9910779425803321 996 $aAn introduction to fuel analysis$93858342 997 $aUNINA LEADER 06981oam 22014414 450 001 9910961690503321 005 20250426110846.0 010 $a9781484377758 010 $a1484377753 010 $a9781498385763 010 $a1498385761 035 $a(CKB)2670000000603006 035 $a(EBL)1996980 035 $a(SSID)ssj0001493024 035 $a(PQKBManifestationID)11859310 035 $a(PQKBTitleCode)TC0001493024 035 $a(PQKBWorkID)11507058 035 $a(PQKB)11334116 035 $a(MiAaPQ)EBC1996980 035 $a(Au-PeEL)EBL1996980 035 $a(CaPaEBR)ebr11035755 035 $a(CaONFJC)MIL753270 035 $a(OCoLC)905997655 035 $a(IMF)1GINEA2015001 035 $a1GINEA2015001 035 $a(EXLCZ)992670000000603006 100 $a20020129d2015 uf 0 101 0 $aeng 135 $aur|n|---||||| 181 $ctxt 182 $cc 183 $acr 200 10$aGuinea : $eFifth Review Under the Three-Year Arrangement Under the Extended Credit Facility, Financing Assurances Review, and Requests for an Augmentation of Access and Extension of the Current Arrangement 205 $a1st ed. 210 1$aWashington, D.C. :$cInternational Monetary Fund,$d2015. 215 $a1 online resource (109 p.) 225 1 $aIMF Staff Country Reports 300 $a"February 2015." 311 08$a9781498309561 311 08$a1498309569 311 08$a9781336219847 311 08$a133621984X 327 $aCover; CONTENTS; RECENT DEVELOPMENTS AND PROGRAM IMPLEMENTATION; BOXES; 1. Recent Data on the Ebola Epidemic; FIGURES; 1. 2014 GDP Growth Projections; 2. Economic Overview, 2013-15; 3. Fiscal Sector Developments, 2013-14; ECONOMIC OUTLOOK AND POLICY DISCUSSIONS FOR 2015; A. Economic Outlook and Risks; B. Fiscal Policy; C. Monetary and Exchange Rate Policies; D. Structural Reform; E. Poverty Reduction Strategy; 2. First Annual Progress Report on PRSP Implementation; PROGRAM MONITORING, FINANCING, AND RISKS; STAFF APPRAISAL; TABLES; 1. Key Economic and Financial Indicators, 2013-17 327 $a2a. Fiscal Operations of the Central Government, 2013-17 (Billions of Guinean Francs)2b. Fiscal Operations of the Central Government, 2013-17 (Percent of GDP); 2c. Fiscal Operations of the Central Government, 2013-15; 3a Central Bank and Deposit Money Banks Accounts, 2013-15; 3b. Monetary Survey, 2013-15; 4. Balance of Payments, 2013-17; 5. Performance Criteria and Indicative Targets, 2014-15; 6. Banking Sector Key Economic and Financial Soundness Indicators, 2010-14; 7. External Financing Requirements and Sources, 2013-15; 8. Indicators of Capacity to Repay the IMF, 2014-25 327 $a9a. Original Schedule of Disbursements and Timing of Reviews Under the ECF Arrangement, 2012-159b. Proposed Schedule of Disbursements and Timing of Reviews Under the ECF Arrangement, 2012-15; 10. Risk Assessment Matrix; APPENDIX; I. Letter of Intent; Attachment I. Fifth Supplement to the Memorandum on Economic and Financial Policies; Attachment II. Technical Memorandum of Understanding; CONTENTS; RELATIONS WITH THE FUND; JOINT WORLD BANK-FUND MATRIX; RELATIONS WITH THE AFRICAN DEVELOPMENT BANK, 2011-13; MILLENNIUM DEVELOPMENT GOALS; STATISTICAL ISSUES 330 3 $aThis paper discusses Guinea?s Fifth Review Under the Three-Year Arrangement Under the Extended Credit Facility (ECF), Financing Assurances Review, and Requests for an Augmentation of Access and Extension of Current Arrangement. Performance under the ECF program has been satisfactory. All quantitative performance criteria have been met. Macroeconomic policies in 2015 will remain supportive to help deal with the Ebola outbreak. The IMF staff supports the completion of the fifth review under the ECF arrangement and financing assurances review and requests for an extension of the current arrangement to end-2015, an augmentation in access, and disbursement of 25 percent of quota as budget support under the 5th review. 410 0$aIMF Staff Country Reports; Country Report ;$vNo. 2015/039 606 $aAccounting$zGuinea 606 $aBanks and Banking$2imf 606 $aExports and Imports$2imf 606 $aPublic Finance$2imf 606 $aNatural Resource Extraction$2imf 606 $aDiseases: Respiratory$2imf 606 $aMacroeconomics$2imf 606 $aInternational Lending and Debt Problems$2imf 606 $aHealth Behavior$2imf 606 $aDebt$2imf 606 $aDebt Management$2imf 606 $aSovereign Debt$2imf 606 $aNational Government Expenditures and Related Policies: General$2imf 606 $aIndustry Studies: Primary Products and Construction: General$2imf 606 $aGeneral Aggregative Models: General$2imf 606 $aInternational economics$2imf 606 $aPublic finance & taxation$2imf 606 $aInfectious & contagious diseases$2imf 606 $aBanking$2imf 606 $aExtractive industries$2imf 606 $aBudgeting & financial management$2imf 606 $aExternal debt$2imf 606 $aEbola$2imf 606 $aPublic debt$2imf 606 $aPublic financial management (PFM)$2imf 606 $aMining sector$2imf 606 $aHealth$2imf 606 $aNational accounts$2imf 606 $aDebts, External$2imf 606 $aEbola virus disease$2imf 606 $aDebts, Public$2imf 606 $aFinance, Public$2imf 606 $aMineral industries$2imf 606 $aBudget$2imf 607 $aGuinea$xEconomic conditions 607 $aGuinea$2imf 615 0$aAccounting 615 7$aBanks and Banking 615 7$aExports and Imports 615 7$aPublic Finance 615 7$aNatural Resource Extraction 615 7$aDiseases: Respiratory 615 7$aMacroeconomics 615 7$aInternational Lending and Debt Problems 615 7$aHealth Behavior 615 7$aDebt 615 7$aDebt Management 615 7$aSovereign Debt 615 7$aNational Government Expenditures and Related Policies: General 615 7$aIndustry Studies: Primary Products and Construction: General 615 7$aGeneral Aggregative Models: General 615 7$aInternational economics 615 7$aPublic finance & taxation 615 7$aInfectious & contagious diseases 615 7$aBanking 615 7$aExtractive industries 615 7$aBudgeting & financial management 615 7$aExternal debt 615 7$aEbola 615 7$aPublic debt 615 7$aPublic financial management (PFM) 615 7$aMining sector 615 7$aHealth 615 7$aNational accounts 615 7$aDebts, External 615 7$aEbola virus disease 615 7$aDebts, Public 615 7$aFinance, Public 615 7$aMineral industries 615 7$aBudget 676 $a332.1/532 801 0$bDcWaIMF 906 $aBOOK 912 $a9910961690503321 996 $aGuinea$94351365 997 $aUNINA LEADER 01182nam a2200253 i 4500 001 991004382118707536 005 20250527124334.0 008 250527s1958 fr er 001 0 fre d 040 $aBibl. Dip.le Aggr. Studi Umanistici - Sez. Filosofia$bita$cSocioculturale Scs 041 0 $afre 082 04$a194$223 100 1 $aPascal, Blaise$028760 245 10$aPensees de M. Pascal sur la religion et sur quelques autres sujets, qui ont ete troucees apres sa mort parmi ses papiers 250 $aNouvelle ed. /$betablie et presentee par Henri Massis 260 $aParis :$bLe livre club du librairie,$cstampa 1958 300 $a457 p. ; 20 cm + 2 fascicoli (40 p. complessive) :$bill. ;$c20 cm 490 1 $aLe Livre Club du libraire ;$v47 500 $aI fascicoli contengono i testi: Pascal et Port-Royal di Bernard Dorival e Pascal et Clermont-Ferrand di Alexandre Vialatte 700 1 $aDorival, Bernard 700 1 $aVialatte, Alexandre 830 3$aLe Livre Club du libraire ;$v47 912 $a991004382118707536 996 $aPensees de M. Pascal sur la religion et sur quelques autres sujets, qui ont ete troucees apres sa mort parmi ses papiers$94383625 997 $aUNISALENTO